Vektorová analýza /

Salvato in:
Dettagli Bibliografici
Autori principali: Nagy, Ján (Autore), Nováková, Eva (Autore), Vacek, M (Autore)
Natura: Libro
Lingua:ceco
Pubblicazione: Praha : SNTL, 1984
Edizione:1.vyd.
Tags: Aggiungi Tag
Nessun Tag, puoi essere il primo ad aggiungerne!!

MARC

LEADER 00000nam a22000003a 4500
001 stu9596
005 20150617225804.1
008 970424s1984----cs------------------cze-d
040 |a STU  |b slo 
041 0 |a cze 
044 |a cs 
080 |a 514.742.4 
100 1 |a Nagy, Ján  |4 aut  |9 34 
245 1 |a Vektorová analýza /  |c [aut.] Nagy,J 
250 |a 1.vyd. 
260 |a Praha :  |b SNTL,  |c 1984 
300 |a 142 s 
700 1 |a Nováková, Eva  |4 aut  |9 33 
700 1 |a Vacek, M  |4 aut  |9 33 
996 |b E59238  |c E*59238  |l EE03  |s P  |a 0  |w stu9596_0002 
996 |b 284EK01839  |c E*54639  |l EE0101  |s P  |a 0  |w stu9596_0004 
996 |b 284EK01837  |c E*54640  |l EE01  |s A  |a 24  |w stu9596_0005 
996 |b 284EK01838  |c E*54641  |l EE01  |s A  |a 24  |w stu9596_0006 
996 |b E55215  |c E*55215  |l EE03  |s P  |a 0  |w stu9596_0007 
996 |b E55216  |c E*55216  |l EE03  |s P  |a 0  |w stu9596_0008